Biblioteca y Centro de Documentación

De la reforma a la crisis (Registro nro. 33432)

Detalles MARC
000 -CABECERA
Longitud fija campo de control 01031naa a2200289 c 4500
001 - NÚMERO DE CONTROL
Número de control 33432
003 - IDENTIFICADOR DE NÚMERO DE CONTROL
Identificador del número de control ES-MaCES
005 - FECHA Y HORA DE LA ÚLTIMA TRANSACCIÓN
Fecha y hora de la última transacción 20030804181000.0
008 - CAMPO FIJO DE DESCRIPCIÓN FIJA--INFORMACIÓN GENERAL
Códigos de información de longitud fija   030804n2003 sp ||| | spa d
035 ## - NÚMERO DE CONTROL DEL SISTEMA
Número de control del sistema CES20030003384v
040 ## - FUENTE DE CATALOGACIÓN
Centro catalogador de origen ES-MaCES
Lengua de catalogación spa
Centro transcriptor ES-MaCES
100 1# - ENCABEZAMIENTO PRINCIPAL--NOMBRE PERSONAL
Nombre de persona Bertranou, Fabio
9 (RLIN) 7678
245 10 - MENCIÓN DE TÍTULO
Título De la reforma a la crisis
Resto del título : el sistema de pensiones en la Argentina
Mención de responsabilidad, etc. Fabio M. Bertranou, Rafael Rofman y Carlos O. Grushka
500 ## - NOTA GENERAL
Nota general Resumen
504 ## - NOTA DE BIBLIOGRAFÍA, ETC.
Nota de bibliografía, etc. Bibliografía: p. 134-135
650 #4 - ASIENTO SECUNDARIO DE MATERIA--TÉRMINO DE MATERIA
Término de materia o nombre geográfico como elemento inicial Argentina
9 (RLIN) 26852
650 #4 - ASIENTO SECUNDARIO DE MATERIA--TÉRMINO DE MATERIA
Término de materia o nombre geográfico como elemento inicial crisis económica
9 (RLIN) 27102
650 #4 - ASIENTO SECUNDARIO DE MATERIA--TÉRMINO DE MATERIA
Término de materia o nombre geográfico como elemento inicial reforma social
9 (RLIN) 27030
650 #4 - ASIENTO SECUNDARIO DE MATERIA--TÉRMINO DE MATERIA
Término de materia o nombre geográfico como elemento inicial régimen de pensión
9 (RLIN) 27042
653 10 - TÉRMINO DE INDEXACIÓN--NO CONTROLADO
Término no controlado Seguridad Social
700 1# - ENCABEZAMIENTO SECUNDARIO--NOMBRE PERSONAL
Nombre de persona Grushka, Carlos
9 (RLIN) 14175
700 1# - ENCABEZAMIENTO SECUNDARIO--NOMBRE PERSONAL
Nombre de persona Rofman, Rafael
9 (RLIN) 22473
773 0# - ENTRADA DE DOCUMENTO FUENTE
Título Revista internacional de Seguridad Social
Parte(s) relacionada(s) vol. 56, n. 2 (abr. - jun. 2003){10256 R. 052417}; p. 123-135
Número de control del registro relacionado (ES-MaCES)25269
Itemnumber del ítem fuente 46585
902 ## - CES. TIPO DE DOCUMENTO
Tipodoc (006$c Sirtex) ART Artículo de revista
942 ## - ELEMENTOS KOHA
Fuente de clasificaión o esquema Clasificación propia del CES
Koha [por defecto] tipo de item Artículos (1982-2017)
Parte de clasificación 3.0.

No hay ítems disponibles.

© CES, Consejo Económico y Social de España 2021